000
00384nam a2200133Ia 4500
008
151001s9999||||xx |||||||||||||| ||und||
100
_a
विजय तरवडे
245
_a
कथा ओ हेनरीच्या
250
_a
1
260
_b
स्नेहवर्धन प्रकाशन पुणे
260
_c
199=6
300
_a
83
365
_b
21
999
_c
972815
_d
972812